| 000 | 00831nam a2200265Ia 4500 | ||
|---|---|---|---|
| 003 | OSt | ||
| 005 | 20220930074810.0 | ||
| 006 | a|||||r|||| 00| 0 | ||
| 007 | ta | ||
| 008 | 220926b |||||||| |||| 00| 0 eng d | ||
| 024 | _a75652 | ||
| 037 | _cTheses | ||
| 040 |
_aCRL _cCRL _beng |
||
| 041 |
_2eng _aeng |
||
| 100 | _aDas A K | ||
| 110 |
_aUniversity of Delhi. Faculty of Science. Department of Chemistry _9519399 |
||
| 245 | 0 | _aBase exchange properties of Indian soils in relation to their mineralogical composition | |
| 260 | _c1955 | ||
| 300 |
_a151p. _ap. _ccm. |
||
| 650 | _aCHEMISTRY | ||
| 700 |
_a Dr. S P Raychaudhuri Gu. _9534763 |
||
| 700 |
_aUniversity of Delhi. Faculty of Science. Department of Chemistry _9519402 |
||
| 942 |
_cDIS _2CC |
||
| 999 |
_c867102 _d867102 |
||